Library Logo

The Opening Up of International Organizations : (Record no. 179553)

000 -LEADER
fixed length control field 01515nam a22002898a 4500
001 - CONTROL NUMBER
control field CR9781107325135
003 - CONTROL NUMBER IDENTIFIER
control field UkCbUP
005 - DATE AND TIME OF LATEST TRANSACTION
control field 20170413094212.0
006 - FIXED-LENGTH DATA ELEMENTS--ADDITIONAL MATERIAL CHARACTERISTICS
fixed length control field m|||||o||d||||||||
007 - PHYSICAL DESCRIPTION FIXED FIELD--GENERAL INFORMATION
fixed length control field cr||||||||||||
008 - FIXED-LENGTH DATA ELEMENTS--GENERAL INFORMATION
fixed length control field 130124s2013||||enk s ||1 0|eng|d
020 ## - INTERNATIONAL STANDARD BOOK NUMBER
International Standard Book Number 9781107325135 (ebook)
020 ## - INTERNATIONAL STANDARD BOOK NUMBER
Canceled/invalid ISBN 9781107042230 (hardback)
020 ## - INTERNATIONAL STANDARD BOOK NUMBER
Canceled/invalid ISBN 9781107640795 (paperback)
040 ## - CATALOGING SOURCE
Original cataloging agency UkCbUP
Transcribing agency UkCbUP
Description conventions rda
050 00 - LIBRARY OF CONGRESS CALL NUMBER
Classification number JZ1318
Item number .O63 2013
082 00 - DEWEY DECIMAL CLASSIFICATION NUMBER
Classification number 341.2
Edition number 23
100 1# - MAIN ENTRY--PERSONAL NAME
Personal name Tallberg, Jonas,
Relator term author.
245 14 - TITLE STATEMENT
Title The Opening Up of International Organizations :
Remainder of title Transnational Access in Global Governance /
Statement of responsibility, etc. Jonas Tallberg, Thomas Sommerer, Theresa Squatrito, Christer Jönsson.
264 #1 - PRODUCTION, PUBLICATION, DISTRIBUTION, MANUFACTURE, AND COPYRIGHT NOTICE
Place of production, publication, distribution, manufacture Cambridge :
Name of producer, publisher, distributor, manufacturer Cambridge University Press,
Date of production, publication, distribution, manufacture, or copyright notice 2013.
300 ## - PHYSICAL DESCRIPTION
Extent 1 online resource (334 pages) :
Other physical details digital, PDF file(s).
336 ## - CONTENT TYPE
Content type term text
Content type code txt
Source rdacontent
337 ## - MEDIA TYPE
Media type term computer
Media type code c
Source rdamedia
338 ## - CARRIER TYPE
Carrier type term online resource
Carrier type code cr
Source rdacarrier
500 ## - GENERAL NOTE
General note Title from publisher's bibliographic system (viewed on 09 Oct 2015).
520 ## - SUMMARY, ETC.
Summary, etc. Once the exclusive preserve of member states, international organizations have become increasingly open in recent decades. Now virtually all international organizations at some level involve NGOs, business actors and scientific experts in policy-making. This book offers the first systematic and comprehensive analysis of this development. Combining statistical analysis and in-depth case studies, it maps and explains the openness of international organizations across

No items available.

Last Updated on September 15, 2019
© Dhaka University Library. All Rights Reserved|Staff Login